| 000 | 02164cam a22004817a 4500 | ||
|---|---|---|---|
| 001 | 17022917 | ||
| 005 | 20170105102353.0 | ||
| 008 | 111027s2010 gw a b 001 0 eng d | ||
| 010 | _a 2011499453 | ||
| 015 |
_a08,N24,1015 _2dnb |
||
| 016 | 7 |
_a014755132 _2Uk |
|
| 020 | _a9783527408054 (pbk. : alk. paper) | ||
| 020 | _a3527408053 (pbk. : alk. paper) | ||
| 028 | 5 | 2 | _a1140805 000 |
| 035 | _a(OCoLC)ocn300921424 | ||
| 040 |
_aBWX _beng _cBWX _dCLE _dYDXCP _dDEBBG _dBTCTA _dOCL _dEUM _dOCL _dUKMGB _dDLC |
||
| 042 | _alccopycat | ||
| 043 | _an-us--- | ||
| 050 | 0 | 0 |
_aQC32 _b.F29 2010 |
| 082 | 0 | 4 | _a530.7 |
| 084 |
_a530 _2sdnb |
||
| 084 |
_aUB 4090 _2rvk |
||
| 084 |
_aUC 300 _2rvk |
||
| 100 | 1 | _aFarach, Horacio A. | |
| 245 | 1 | 0 |
_aPhysics qualifying examination :problems and solutions _bproblems and solutions _cHoracio Farach, Charles P. Poole and John L. Safko. |
| 260 |
_aWeinheim : _bWiley-VCH, _cc2010. |
||
| 300 |
_axiii, 253 p. : _bill. ; _c24 cm. |
||
| 504 | _aIncludes bibliographical references and index. | ||
| 520 | 8 | _aThis title features a self-study approach to prepare PhD candidates for passing their qualifying examinations. The book presents 120 problems for all relevant physics subjects and is designed to be used in tandem with the 'Handbook of Physics' by C.P. Poole. | |
| 650 | 0 |
_aPhysics _xExaminations _vStudy guides. |
|
| 650 | 0 |
_aUniversities and colleges _zUnited States _xEntrance examinations _vStudy guides. |
|
| 650 | 0 |
_aAdvanced placement programs (Education) _xExaminations _vStudy guides. |
|
| 650 | 0 | 7 |
_aTheoretische Physik. _2swd |
| 655 | 4 | _aAufgabensammlung. | |
| 655 | 7 |
_aAufgabensammlung. _2swd |
|
| 700 | 1 | _aPoole, Charles P. | |
| 700 | 1 | _aSafko, John L. | |
| 856 | 4 | 1 |
_3Table of contents _uhttp://bvbr.bib-bvb.de:8991/F?func=service&doc_library=BVB01&doc_number=016705063&line_number=0001&func_code=DB_RECORDS&service_type=MEDIA |
| 856 | 4 | 2 |
_qtext/html _uhttp://deposit.d-nb.de/cgi-bin/dokserv?id=3112963&prov=M&dok_var=1&dok_ext=htm _3Inhaltstext |
| 906 |
_a7 _bcbc _ccopycat _d2 _encip _f20 _gy-gencatlg |
||
| 942 |
_2ddc _cBK |
||
| 999 |
_c12006 _d12006 |
||